| 000 | 01252nam a2200313 a 4500 | ||
|---|---|---|---|
| 003 | BLK | ||
| 005 | 20250716122859.0 | ||
| 008 | 180408b bul|||||r ||||||| ||bul|| | ||
| 020 | _a9789546550828 | ||
| 040 | _aBLK | ||
| 041 |
_aBUL _cBUL |
||
| 080 |
_aАмериканска литература (на САЩ) _b821.111(73) _x-312.4 _z821.111(73)-312.4 |
||
| 100 | 1 |
_aКларк, Мери Хигинс _9371250 |
|
| 245 | 1 | 0 |
_aПрестъпен експеримент _bРоман _cМери Хигинс Кларк; прев. Людмила Левкова. |
| 257 | _aUSA | ||
| 260 |
_aСофия _bБард _c2010 _fХасково : Полиграфюг |
||
| 300 |
_a352 с. _c20 см |
||
| 380 | _aX | ||
| 500 | _aОриг. загл. The Cradle Will Fall / Mary Higgins Clark. - 1. изд. 1996 на изд. Гарант 21 | ||
| 700 |
_aЛевкова, Людмила Спасова _eпрев. от англ. _9365143 |
||
| 852 | _aЦб 247020 | ||
| 852 |
_bП _c821-31/К 63 М |
||
| 856 | 4 | _qpdf | |
| 856 | 4 | _qpdf | |
| 942 |
_cKNG _n0 _076 |
||
| 944 |
_aCR _c08.02.2010 _lВиолета Тройчева _k30552 |
||
| 944 |
_aED _c2023-07-20 _kГГГ |
||
| 999 |
_c89430 _d89430 |
||